Education in Peru / (Record no. 34520)
[ view plain ]
| 000 -LEADER | |
|---|---|
| fixed length control field | 01298cam a22003131a 4500 |
| 001 - CONTROL NUMBER | |
| control field | hew65000017 |
| 003 - CONTROL NUMBER IDENTIFIER | |
| control field | DLC |
| 005 - DATE AND TIME OF LATEST TRANSACTION | |
| control field | 20260227111513.0 |
| 008 - FIXED-LENGTH DATA ELEMENTS--GENERAL INFORMATION | |
| fixed length control field | 771128s1964 dcuab f000 0 eng c |
| 010 ## - LIBRARY OF CONGRESS CONTROL NUMBER | |
| LC control number | hew65000017 |
| 035 ## - SYSTEM CONTROL NUMBER | |
| System control number | (OCoLC)3449724 |
| 040 ## - CATALOGING SOURCE | |
| Original cataloging agency | U.S. Dept. of Health, Education, and Welfare. Library |
| Transcribing agency | DNIE |
| Modifying agency | ISS |
| -- | OCoLC |
| -- | TxU |
| -- | DLC |
| 042 ## - AUTHENTICATION CODE | |
| Authentication code | premarc |
| 050 00 - LIBRARY OF CONGRESS CALL NUMBER | |
| Classification number | L111 |
| Item number | .A6 1964, no. 33 |
| 051 ## - LIBRARY OF CONGRESS COPY, ISSUE, OFFPRINT STATEMENT | |
| Classification number | LA596 |
| Item number | .F7 |
| 086 0# - GOVERNMENT DOCUMENT CLASSIFICATION NUMBER | |
| Classification number | FS 5.214:14104 |
| 100 1# - MAIN ENTRY--PERSONAL NAME | |
| Personal name | Freeburger, Adela R. |
| 245 10 - TITLE STATEMENT | |
| Title | Education in Peru / |
| Statement of responsibility, etc. | Adela R. Freeburger, in collaboration with Charles E. Hauch. |
| 260 ## - PUBLICATION, DISTRIBUTION, ETC. | |
| Place of publication, distribution, etc. | [Washington, D.C.] : |
| Name of publisher, distributor, etc. | U.S. Dept. of Health, Education and Welfare, Office of Education, |
| Date of publication, distribution, etc. | 1964. |
| 300 ## - PHYSICAL DESCRIPTION | |
| Extent | iii, 69 p. : |
| Other physical details | ill., map ; |
| Dimensions | 24 cm. |
| 490 1# - SERIES STATEMENT | |
| Series statement | Bulletin / Office of Education ; |
| Volume/sequential designation | 1964, no. 33. |
| 500 ## - GENERAL NOTE | |
| General note | "OE-14104." |
| 500 ## - GENERAL NOTE | |
| General note | "Studies in comparative education"--Cover. |
| 500 ## - GENERAL NOTE | |
| General note | Copies 1 and 2 of L111.A6 bound with: Bulletin / United States. Office of Education, 1964, no. 34-1964, no. 41, subsequent to publication. |
| 504 ## - BIBLIOGRAPHY, ETC. NOTE | |
| Bibliography, etc. note | Includes bibliographical references (p. 53-57). |
| 650 #0 - SUBJECT ADDED ENTRY--TOPICAL TERM | |
| Topical term or geographic name entry element | Education |
| Geographic subdivision | Peru. |
| 700 1# - ADDED ENTRY--PERSONAL NAME | |
| Personal name | Hauch, Charles C. |
| Fuller form of name | (Charles Christian), |
| Dates associated with a name | 1913- |
| 830 #0 - SERIES ADDED ENTRY--UNIFORM TITLE | |
| Uniform title | Bulletin (United States. Office of Education) ; |
| Volume/sequential designation | 1964, no. 33. |
No items available.